LEADER 01191cam0-22004451i-450- 001 990001122710403321 005 20120511115925.0 010 $a88-453-0229-6 035 $a000112271 035 $aFED01000112271 035 $a(Aleph)000112271FED01 035 $a000112271 100 $a20001205d1981----km-y0itay50------ba 101 1 $aita$ceng 102 $aIT 105 $aa---a---001yy 200 1 $aAlgebra moderna$fF. Ayres Frank jr. 210 $aMilano$cEtas Libri$dc1981 215 $a243 p.$d27 cm 225 1 $aCollana Schaum$v46 300 $a425 problemi risolti. 610 0 $aAlgebra$aEsercizi 610 0 $aNumeri$aTeoria algebrica 676 $a512 700 1$aAyres,$bFrank$f<1901- >$0110 801 0$aIT$bUNINA$gRICA$2UNIMARC 901 $aBK 912 $a990001122710403321 952 $aC-10-(46$b1317$fMA1 952 $a13 K 64 25$b32432$fFINBC 952 $aSCHAUM-46-(D$b1318$fMA1 952 $aSCHAUM-46-(B$fMA1 952 $a02 1 A 53$b3933$fFINBN 952 $aSCHAUM-46-(A$b9861$fMA1 952 $aSCHAUM-46-(C$b10561$fMA1 959 $aMA1 959 $aFINBC 962 $a08-01 996 $aModern algebra$927462 997 $aUNINA